00489 2200181 4500001002100000005001700021006001900038008004100057020002200098035002500120041000700145082001400152090002000166100001700186245004000203260004500243650001900288INLIS00000000000430220140317114102.0a ||| | 180719| ||| | id  a978-979-22-4153-2 a0010-031300000004302 aid0 a641.865 3 a641.865 3 HID r0 akoko hidayat00aRoti Ensaymada : Roti ala philipina aJakartabPT Gramedia pustaka utamac2008 0aRoti ensaymada